[Event "HUN-chT U18"]
[Site "Budapest"]
[Date "2022.11.02"]
[Round "4.3"]
[White "Tothi, Viktoria"]
[Black "Nagy, Botond"]
[Result "0-1"]
[WhiteElo "1141"]
[BlackElo "1591"]
[PlyCount "80"]
[EventDate "2022.10.31"]
[EventType "team-swiss"]
[EventRounds "7"]
[EventCountry "HUN"]
[SourceTitle "CBM 211 Extra"]
[Source "ChessBase"]
[SourceDate "2023.01.31"]
[SourceVersion "1"]
[SourceVersionDate "2023.01.31"]
[SourceQuality "1"]
[WhiteTeam "Tamasi Szabadido"]
[BlackTeam "Barcza GSC"]
[WhiteTeamCountry "HUN"]
[BlackTeamCountry "HUN"]

1. e4 c5 2. Nc3 Nc6 3. Bc4 e6 4. d3 Nf6 5. Bg5 Be7 6. Qf3 Nd4 7. Qd1 d6 8. Nf3 Nc6 9. 0-0 0-0 10. Re1 a6 11. e5 Nxe5 12. Nxe5 dxe5 13. Rxe5 Nd7 14. Bxe7 Qxe7 15. Re3 b5 16. Bb3 Bb7 17. Ne4 Nf6 18. Nxf6+ Qxf6 19. c3 Rfd8 20. Bc2 Rd5 21. Rf3 Rf5 22. Rxf5 Qxf5 23. d4 Qg5 24. f3 Qe3+ 25. Kf1 Rd8 26. Qe2 Qxe2+ 27. Kxe2 cxd4 28. cxd4 Rxd4 29. Rd1 Rxd1 30. Bxd1 Kf8 31. Ke3 Ke7 32. b4 Kd6 33. Bb3 f6 34. g4 Bd5 35. Bxd5 Kxd5 36. Kd3 g6 37. h4 h6 38. a3 e5 39. g5 fxg5 40. hxg5 h5 0-1

[Event "HUN--chT U12"]
[Site "Budapest"]
[Date "2019.10.27"]
[Round "2.3"]
[White "Nagy, Botond"]
[Black "Meszaros, Jazmin"]
[Result "1-0"]
[WhiteElo "1281"]
[BlackElo "1171"]
[PlyCount "45"]
[EventDate "2019.10.26"]
[EventType "team-swiss"]
[EventRounds "7"]
[EventCountry "HUN"]
[SourceTitle "CBM 192 Extra"]
[Source "Chessbase"]
[SourceDate "2019.11.06"]
[SourceVersion "1"]
[SourceVersionDate "2019.11.06"]
[SourceQuality "1"]
[WhiteTeam "Barcza Gedeon"]
[BlackTeam "Csepel"]
[WhiteTeamCountry "HUN"]
[BlackTeamCountry "HUN"]

1. d4 d5 2. c4 e6 3. Nc3 Be7 4. Bf4 Nc6 5. e3 Nf6 6. Nf3 0-0 7. Be2 Ne4 8. Nxe4 dxe4 9. Nd2 Bg5 10. Bg3 Ne7 11. Nxe4 Nf5 12. Bf3 Nxg3 13. Nxg3 Bh4 14. Qc2 Bxg3 15. hxg3 g6 16. 0-0-0 Qd6 17. Rh2 Qa6 18. a3 Bd7 19. Rdh1 Ba4 20. Qc3 Rac8 21. Rxh7 b5 22. d5 bxc4 23. Qg7# 1-0